Bilecik Bilecik Bilecik Bilecik Bilecik

Aristoteles yazıları : (Record no. 52360)

MARC details
000 -BAŞLIK
Sabit Uzunluktaki Kontrol Alanı 01097nam a22003257a 4500
001 - KONTROL NUMARASI
Control Dosyası 0052546
003 - KONTROL NUMARASI KİMLİĞİ
Kontrol Alanı KOHA_MİRAKIL
005 - EN SON İŞLEM TARİHİ ve ZAMANI
Kontrol Alanı 20260207003847.0
007 - FİZİKSEL TANIM SABİT ALAN - GENEL BİLGİ
Sabit uzunluklu kontrol alanı ta
008 - SABİT UZUNLUKTAKİ VERİ ÖGELERİ - GENEL BİLGİ
Sabit Alan 150629b2013 tu |||gr||||#||||0|tur |
020 ## - ISBN - ULUSLARARASI STANDART KİTAP NUMARASI
Isbn 9786055790554
040 ## - KATALOGLAMA KAYNAĞI
Özgün Kataloglama Kurumu TR-BiSEU
Kataloglama Dili tur
Çeviri Kurumu TR-BiSEU
Açıklama Kuralları rda
041 0# - DİL KODU
Metin ya da ses kaydının dil kodu tur
044 ## - YAYINLAYAN/ÜRETEN KURULUŞUN ÜLKE KODU
ISO country code tu
050 ## - SINIFLAMA ve YER NUMARASI
Sınıflama Numarası B485
Yer Numarası .E75 2013
100 1# - KİŞİ ADI
Yazar Adı (Kişi adı) Erkızan, H. Nur Beyaz .
245 1# - ESER ADI BİLDİRİMİ
Başlık Aristoteles yazıları :
Alt Eseradı vb. varlık, bilgi ve yaşam üzerine,"Yaşamak, birlikte yaşamak ve iyi yaşamak"/
Sorumluluk Bildirimi H. Nur Beyaz Erkızan ; H. Nur Beyaz Erkızan.
264 #1 - ÜRERİM, YAYIN, DAĞITIM ve TELİF BİLDİRİMİ
Yayın yeri Ankara :
Yayınlayan Sentez
Yayın tarihi 2013
300 ## - FİZİKSEL TANIMLAMA
Sayfa, Cilt vb. 175 sayfa; 25 cm.
336 ## - İÇERİK TÜRÜ
Content type term metin
Content type code txt
Source rdacontent
337 ## - MEDYA TÜRÜ
Media type term aracısız
Media type code n
Source rdamedia
338 ## - TAŞIYICI TÜRÜ
Carrier type term cilt
Carrier type code nc
Source rdacarrier
490 1# - DİZİ BİLDİRİMİ
Dizi Bildirimi Sentez Felsefe Kitapları ;
Cilt Numarası 29.
490 1# - DİZİ BİLDİRİMİ
Dizi Bildirimi Okullar, Akımlar, Filozoflar Dizisi ;
Cilt Numarası 11.
650 #0 - KONU BAŞLIĞI EK GİRİŞ - KONU TERİMİ
Konusal terim veya coğrafi ad Felsefe--Feminizm.
9 (RLIN) 98101
650 #0 - KONU BAŞLIĞI EK GİRİŞ - KONU TERİMİ
Konusal terim veya coğrafi ad Aristotelesci felsefe.
9 (RLIN) 98102
830 1# - SERİ EK GİRİŞİ - TEKBİÇİM ESER ADI
Tekbiçim Başlık Sentez Felsefe Kitapları ;
Volume number/sequential designation 29.
9 (RLIN) 98103
830 1# - SERİ EK GİRİŞİ - TEKBİÇİM ESER ADI
Tekbiçim Başlık Okullar, Akımlar, Filozoflar Dizisi ;
Volume number/sequential designation 11.
9 (RLIN) 98104
942 ## - EK GİRİŞ ÖGELERİ (KOHA)
Source of classification or shelving scheme Library of Congress Classification
Koha item type Book
Holdings
Materyal Türü Kalıcı Konum Mevcut Konum Raf Yeri Sınıflandırma Kaynağı Edinim Bilgisi Ana Konular Alt Konular Yer Numarası Demirbaş Numarası Fatura Tarihi Maliyet, Alış Fiyatı Maliyet, Yenileme Fiyatı Geri Çekilme Durumu Kayıp Durumu Hasarlı Durumu Kredi için değil Kayıt Tarih Toplam Ödünçverme Son Görülme Tarihi Son Kontrol Tarihi Satın Alma Notu
Book Prof. Dr. Azmi Özcan Kütüphanesi Prof. Dr. Azmi Özcan Kütüphanesi Uluğbey Salonu Library of Congress Classification Satın FELSEFE, PSİKOLOJİ, DİN Felsefe (Genel) B485 .E75 2013 0052546 07/07/2015 9.31 9.31         29/06/2015   05/12/2024 05/12/2024 B-984687 - B-984797